00668 2200229 4500001002100000005001500021020001800036035002400054040001200078082002300090090002700113245006400140260006600204300004200270504003100312650001500343700002000358850001200378990001600390990001600406990001600422YOGYA00000000009913220140823123431 a979-9246-55-5 0010-101300000000016 aYOPDYOG a746.1409959814 Cor aNUS 746.1409959814 Cor aCORAK dan ragi tenun Melayu RiaucH. Abdul Malik...[et al]. aYogyakartabBalai Kajian dan Pengembangan Budaya Melayuc2004 axxii, 220 hlm.bilus.c24 cm (3 eks.) aBibliografi : hlm. 219-220 aTenun-Riau aAbdul Malik, H. aYOPDYOG a0028/B.2013 a0029/B.2013 a0030/B.2013